000 00650nam a2200241Ia 4500
003 OSt
005 20220924124627.0
006 a|||||r|||| 00| 0
007 ta
008 220923b |||||||| |||| 00| 0 guj d
020 _c10.00
024 _a341155
037 _cTextual
040 _aARTS
_cARTS
_bguj
041 _2guj
_aguj
082 _aO1591,3NMA,1, 156K4
100 _aDesai Uttara
_9196437
245 0 _aMatino manvi
260 _aNew Delhi
_b Sahitya Akademi India
_c1964
650 _aORIYA LITERATURE
_927692
942 _hO1591,3NMA,1, 156K4
_cTEXL
_2CC
999 _c420298
_d420298